000 00593nam a2200241Ia 4500
003 OSt
005 20220924144620.0
006 a|||||r|||| 00| 0
007 ta
008 220923b |||||||| |||| 00| 0 urd d
020 _c20.00
024 _a316298
037 _cTextual
040 _aARTS
_cARTS
_burd
041 _2urd
_aurd
082 _aO168,1NZB,1, L8
100 _aZumzum Bijnauri
_9218013
245 0 _aGhubar-e-sahra
260 _c1978
650 _aURDU POETRY
942 _hO168,1NZB,1, L8
_cTEXL
_2CC
999 _c457627
_d457627